000 00601cas a22002055a 4500
001 L99718
008 070621c1999 xxkzr p 0 a0eng
022 0 _a1463-578X
035 _a(Sirsi) u99172
041 0 _aeng
245 0 0 _aJournal of Property Investment and Finance
260 3 _aBradford
_bMCB University Press
_c1999-
362 _aLondon: 17(1) 1999-
362 0 _aEdinburgh: 1999-2000
651 4 _aInternational
690 _aPROPERTY-PROPERTY FINANCE AND INVESTMENT
780 0 0 _tJournal of Property Valuation and Investment
_x0960-2712
942 _n0
_2ddc
948 _c09/02/1994
999 _c118681
_d118681